| 000 -LEADER |
| fixed length control field |
01545 a2200265 4500 |
| 003 - CONTROL NUMBER IDENTIFIER |
| control field |
Nust |
| 005 - DATE AND TIME OF LATEST TRANSACTION |
| control field |
20230819100355.0 |
| 010 ## - LIBRARY OF CONGRESS CONTROL NUMBER |
| LC control number |
89029716 |
| 020 ## - INTERNATIONAL STANDARD BOOK NUMBER |
| Qualifying information |
047152221X |
| 040 ## - CATALOGING SOURCE |
| Transcribing agency |
Nust |
| 082 00 - DEWEY DECIMAL CLASSIFICATION NUMBER |
| Classification number |
519.538,COR |
| 100 1# - MAIN ENTRY--PERSONAL NAME |
| Personal name |
Cornell, John A., |
| 9 (RLIN) |
114200 |
| 245 10 - TITLE STATEMENT |
| Title |
Experiments with mixtures : |
| Remainder of title |
designs, models, and the analysis of mixture data / |
| Statement of responsibility, etc. |
John A. Cornell. |
| 250 ## - EDITION STATEMENT |
| Edition statement |
2nd ed. |
| 260 ## - PUBLICATION, DISTRIBUTION, ETC. |
| Place of publication, distribution, etc. |
New York : |
| Name of publisher, distributor, etc. |
Wiley, |
| Date of publication, distribution, etc. |
c1990. |
| 300 ## - PHYSICAL DESCRIPTION |
| Extent |
xix, 632 p. : |
| Other physical details |
ill. ; |
| Dimensions |
24 cm. |
| 440 #0 - SERIES STATEMENT/ADDED ENTRY--TITLE |
| Title |
Wiley series in probability and mathematical statistics. |
| 505 ## - FORMATTED CONTENTS NOTE |
| Formatted contents note |
Introduction (Page- 1), The Original Mixture Problems Designs and Models for Exploring the Entire Simple Factor Space (Page-21), The Use of Independent Variables (Page-99), Multiple Constraints on the Components Proportions (Page-139), The Analysis of Mixture Data (Page-228), Other Mixture Model Forms (Page-290), The Inclusion of Variables in Mixture Experiments (Page-352), Additional Topics (Page-436), Matrix Algebra Least Squares and the Analysis of Variance (Page-503), Data Stets from Mixture Experiments with Partial Solutions (Page-522). |
| 650 #0 - SUBJECT ADDED ENTRY--TOPICAL TERM |
| Topical term or geographic name entry element |
Experimental design. |
| 9 (RLIN) |
10527 |
| 650 #0 - SUBJECT ADDED ENTRY--TOPICAL TERM |
| Topical term or geographic name entry element |
Mixtures |
| General subdivision |
Statistical methods. |
| 9 (RLIN) |
114201 |
| 856 42 - ELECTRONIC LOCATION AND ACCESS |
| Materials specified |
Contributor biographical information |
| Uniform Resource Identifier |
<a href="http://www.loc.gov/catdir/enhancements/fy0607/89029716-b.html">http://www.loc.gov/catdir/enhancements/fy0607/89029716-b.html</a> |
| 856 42 - ELECTRONIC LOCATION AND ACCESS |
| Materials specified |
Publisher description |
| Uniform Resource Identifier |
<a href="http://www.loc.gov/catdir/description/wiley031/89029716.html">http://www.loc.gov/catdir/description/wiley031/89029716.html</a> |
| 856 42 - ELECTRONIC LOCATION AND ACCESS |
| Materials specified |
Table of Contents only |
| Uniform Resource Identifier |
<a href="http://www.loc.gov/catdir/toc/onix01/89029716.html">http://www.loc.gov/catdir/toc/onix01/89029716.html</a> |
| 942 ## - ADDED ENTRY ELEMENTS (KOHA) |
| Source of classification or shelving scheme |
|
| Koha item type |
Book |